| 000 -LEADER |
| fixed length control field |
00827nam a22001937a 4500 |
| 005 - DATE AND TIME OF LATEST TRANSACTION |
| control field |
20251118154904.0 |
| 008 - FIXED-LENGTH DATA ELEMENTS--GENERAL INFORMATION |
| fixed length control field |
251118b ||||| |||| 00| 0 eng d |
| 020 ## - INTERNATIONAL STANDARD BOOK NUMBER |
| International Standard Book Number |
9781529076820 |
| 040 ## - CATALOGING SOURCE |
| Transcribing agency |
KH8 |
| 082 ## - DEWEY DECIMAL CLASSIFICATION NUMBER |
| Classification number |
823.912 CRO |
| 100 ## - MAIN ENTRY--PERSONAL NAME |
| Personal name |
CROMPTON,RICHMAL |
| Relator term |
AUTHOR |
| 245 ## - TITLE STATEMENT |
| Title |
JUST WILLIAM |
| 260 ## - PUBLICATION, DISTRIBUTION, ETC. |
| Place of publication, distribution, etc. |
The Smithson,6 Briset Street,London EC1M 5NR |
| Name of publisher, distributor, etc. |
Macmillan Children's Books |
| Date of publication, distribution, etc. |
2022 |
| 300 ## - PHYSICAL DESCRIPTION |
| Extent |
259 pages |
| Other physical details |
illustration |
| Dimensions |
13 cm x 17 cm |
| 520 ## - SUMMARY, ETC. |
| Summary, etc. |
In Richmal Compton's Just William the Outlaws plan a day of non-stop adventure. The only problem is that William is meant to be babysitting. But William won't let that stop him having fun with his gang - he'll just bring the baby along!There is only one William. |
| 650 ## - SUBJECT ADDED ENTRY--TOPICAL TERM |
| Source of heading or term |
Juvenile Fiction |
| 655 ## - INDEX TERM--GENRE/FORM |
| Source of term |
Juvenile Fiction |
| Genre/form data or focus term |
Adventure and Humour |
| 942 ## - ADDED ENTRY ELEMENTS (KOHA) |
| Source of classification or shelving scheme |
|
| Koha item type |
Books - Fiction |